000 01018nas a2200313 4500
001 BR2015005741
003 BR-BrBNA
005 20231205125807.0
007 ta
008 230509b bl.|||p| |||| 00| 00por d
040 _aBR-BrBNA
_bpor
_cBiblioteca Nacional de Agricultura
041 _a(Pt)
072 _aF03
100 1 _aSilva, L.M. de M.
100 1 _aMata, M.E.R.M.C.
100 1 _aDuarte, M.E.M.
245 1 _aTeor de água limite para crioconservação de sementes de romã (Punica granatum L.)
246 1 _aWater content limit for cryopreservation of pomegranate seeds (Punica granatum L.)
650 _aROMA
650 _aSEMENTE
650 _aFISIOLOGIA
650 _aQUALIDADE
650 _aANALISE
650 _aAGUA
773 0 _tEngenharia Agrícola (Brazil)
_xISSN 1809-4430
_g(Mar-Apr 2015), v. 35(2) p. 313-321
_wBR2015005741
856 4 0 _uhttp://www.scielo.br/pdf/eagri/v35n2/1809-4430-eagri-35-2-0313.pdf
909 _a202311
_bLúcia
_c55
_dLúcia Elande
942 _2AGRIS
_n0
_cANA
999 _c246177
_d246177